Liking, progress.loving change: a literary history of the progressive writing' movement in Urdu / (Record no. 96137)

MARC details
000 -LEADER
fixed length control field 01190nam a22002777a 4500
005 - DATE AND TIME OF LATEST TRANSACTION
control field 20170501155918.0
010 ## - LCCN (DPL NO)
LC control number 1516EN07 B-666117
020 ## - INTERNATIONAL STANDARD BOOK NUMBER
International Standard Book Number 9780198096733
Terms of availability 1495.00
035 ## - SYSTEM CONTROL NUMBER
System control number B-666117
037 ## - SOURCE OF ACQUISITION
Source of stock number/acquisition Pragati/ven
082 ## - DEWEY DECIMAL CLASSIFICATION NUMBER
Classification number 840.08
100 ## - MAIN ENTRY--PERSONAL NAME
Personal name Rakshanda Jalil
245 ## - TITLE STATEMENT
Title Liking, progress.loving change: a literary history of the progressive writing' movement in Urdu /
Remainder of title by Rakhshanda Jalil
260 ## - PUBLICATION, DISTRIBUTION, ETC. (IMPRINT)
Place of publication, distribution, etc New Delhi
Name of publisher, distributor, etc Oxford University Press,
Date of publication, distribution, etc 2014
270 ## - ADDRESS
Address YMCA Library building, 1 Jai Singh road
City New Delhi
Postal code 110001
300 ## - PHYSICAL DESCRIPTION
Extent xiii, 482p.
Dimensions 23 cm. (Hb)
500 ## - GENERAL NOTE
General note includes with index
650 ## - SUBJECT ADDED ENTRY--TOPICAL TERM
Topical term or geographic name as entry element Welfare economics.
650 ## - SUBJECT ADDED ENTRY--TOPICAL TERM
Topical term or geographic name as entry element Finance, Public.
650 ## - SUBJECT ADDED ENTRY--TOPICAL TERM
Topical term or geographic name as entry element Finance, Public
General subdivision Mathematical models.
650 ## - SUBJECT ADDED ENTRY--TOPICAL TERM
Topical term or geographic name as entry element Welfare economics
General subdivision Mathematical models.
650 ## - SUBJECT ADDED ENTRY--TOPICAL TERM
Topical term or geographic name as entry element Development economics.
856 ## - ELECTRONIC LOCATION AND ACCESS
Materials specified Table of contents only
Uniform Resource Identifier http://www.loc.gov/catdir/enhancements/fy0628/2006297239-t.html
942 ## - ADDED ENTRY ELEMENTS (KOHA)
Institution code [OBSOLETE] dpl
Item type English Books
Source of classification or shelving scheme Dewey Decimal Classification
Classification part 840.08
Call number suffix RAK
Holdings
Withdrawn status Lost status Not for loan Collection code Home library Current library Date acquired Source of acquisition Cost, normal purchase price Full call number Barcode Copy number Cost, replacement price Koha item type
      Non-fiction Ashok Vihar Ashok Vihar 01/05/2017 BPPD/EN/2016-17/AV/16-17/399/15.02.2017/558/28.02.2017/10.03.2017 1495.00 840.08 RAK B-666117 1 1495.00 English Books

© Delhi Public Library
Hit Counter
free hit counter